000 00372nam a22001577a 4500
003 CEME
005 20210628205615.0
008 210308b xxu||||| |||| 00| 0 eng d
020 _a0-07-45164-0
040 _c.
082 _a621.902 MAC'I
245 _aMachine tool design handbook
260 _aNEWDELHI
_bTATA MCGRAW HILL
_c1955
300 _a955P
942 _cBK
_2ddc
999 _c581637
_d581637